000 00495nam a2200181Ia 4500
005 20250508150255.0
008 008 250505s9999 xx 000 0 eng d
037 _aReference
040 _aFEDL
_beng
_cFEDL
041 _aeng
_2eng
084 _a377.1, HEA
_qFEDL
100 _aHeawood G L
_9756293
245 0 _aReligion in school
260 _aLondon, UK
_bStudent Christian Movement Press
_c1939
300 _a303p.
942 _cREF
_h377.1, HEA
999 _c1322771
_d1322771